Statistics for NBA Players from Auburn

Click here to take the quiz!

General Stats

  • This quiz has been taken 7 times
  • The average score is 2 of 23

Answer Stats

PositionPlayerDraft Year% Correct
PFCharles Barkley1984
86%
PGJared Harper2019
43%
SFChuck Person1986
29%
SFMarquis Daniels2003
14%
FChris Porter2000
14%
SGWesley Person1994
14%
SGJohn Mengelt1971
14%
CDarrell Lockhart1983
0%
PFBobby Cattage1981
0%
PFCedric Hordges1979
0%
SFChris Morris1988
0%
GEddie Johnson, Jr.1977
0%
FAaron Swinson1994
0%
FMike Mitchell1978
0%
GMoochie Norris1996
0%
CPat Burke1997
0%
FMyles Patrick1978
0%
CMamadou N'Diaye2000
0%
PGJamison Brewer2001
0%
GAdam Harrington2002
0%
SGStan Pietkiewicz1978
0%
GToney Douglas2009
0%
CMatt Geiger1992
0%

Score Distribution

Percentile by Number Answered

Percent of People with Each Score

Your Score History

You have not taken this quiz